| 000 | 01049nam a22002657a 4500 | ||
|---|---|---|---|
| 001 | 1322 | ||
| 005 | 20250530113907.0 | ||
| 020 | _a9789996305702 | ||
| 040 |
_aFISKH _beng _cFISKH _dFISKH |
||
| 082 | _a355.4240 | ||
| 100 | _aHavard, Christian | ||
| 245 |
_aសត្វនៅតំបន់ទឹកកក / _cនិពន្ធដោយ Christian Havard - គូររូបដោយ Catherine Fichaux |
||
| 260 |
_aToulouse : _bSipar, _c2021 |
||
| 300 |
_a37 pages : _bcolor illustrations ; _c25 cm |
||
| 490 | _aស្វែងយល់ពី | ||
| 505 | _aZ | ||
| 520 | _aពណ៍នាអំពីប្រភេទសត្វដែលរស់នៅតំបន់ទឹកកក។ | ||
| 520 | _aDescribes the species that live in the glacier. | ||
| 521 |
_a890
_bLexile estimate |
||
| 521 |
_aZ
_bRaz-Plus |
||
| 650 |
_aតំបន់ទឹកកក _vសត្វ _xពណ៍នា |
||
| 650 |
_aNorth pole _vAnimals _xDescribe |
||
| 700 |
_aFichaux, Catherine _cillustrator |
||
| 942 |
_2ddc _cBK _n0 |
||
| 999 |
_c1322 _d1322 |
||